00342pab a2200133 454500008004000000100002100040245004200061260000900103300001200112362000800124650003600132650002800168773001200196180718b1999 xxu||||| |||| 00| 0 eng d aChoudhury, Sujit aThe North East: a concept re-examined c1999 ap.34-37 aFeb aIndia - Politics and government aPolitics and government aSeminar